Nong ye dong li : (Record no. 12967)

MARC details
000 -LEADER
fixed length control field 01199cam a2200289 a 4500
001 - CONTROL NUMBER
control field c 68001762
003 - CONTROL NUMBER IDENTIFIER
control field DLC
005 - DATE AND TIME OF LATEST TRANSACTION
control field 20260227111036.0
008 - FIXED-LENGTH DATA ELEMENTS--GENERAL INFORMATION
fixed length control field 031106m19609999cc a 000 0 chi
010 ## - LIBRARY OF CONGRESS CONTROL NUMBER
LC control number c 68001762
035 ## - SYSTEM CONTROL NUMBER
System control number (CStRLIN)DCLP03-B16683
040 ## - CATALOGING SOURCE
Original cataloging agency DLC
Transcribing agency DLC-R
Modifying agency DLC-R
-- DLC
050 00 - LIBRARY OF CONGRESS CALL NUMBER
Classification number S760.C55
Item number N32
066 ## - CHARACTER SETS PRESENT
Alternate G0 or G1 character set $1
245 00 - TITLE STATEMENT
Linkage 880-01
Title Nong ye dong li :
Remainder of title nong ye ji xie hua zhuan ye gua yong /
Statement of responsibility, etc. Nanjing nong xue yuan nong ye ji xie hua fen yuan bian.
250 ## - EDITION STATEMENT
Linkage 880-02
Edition statement Di 1 ban.
260 ## - PUBLICATION, DISTRIBUTION, ETC.
Linkage 880-03
Place of publication, distribution, etc. Shanghai :
Name of publisher, distributor, etc. Shanghai ke xue ji shu wen xian chu ban she,
Date of publication, distribution, etc. 1960
Date of manufacture (1962 printing)
300 ## - PHYSICAL DESCRIPTION
Extent v. <1 > :
Other physical details ill. ;
Dimensions 26 x 35 cm.
500 ## - GENERAL NOTE
General note At head of title: Zhong deng nong ye xue xiao shi yong ke shu.
500 ## - GENERAL NOTE
General note Photocopy.
650 #0 - SUBJECT ADDED ENTRY--TOPICAL TERM
Topical term or geographic name entry element Agricultural machinery
Geographic subdivision China.
710 2# - ADDED ENTRY--CORPORATE NAME
Linkage 880-04
Corporate name or jurisdiction name as entry element Nanjing nong xue yuan.
Subordinate unit Nong ye ji xie hua fen yuan.
880 00 - ALTERNATE GRAPHIC REPRESENTATION
Linkage 245-01/$1
a 农业动力 :
b 农业机械化专业适用 /
c 南京科学院农业机械化分院
880 ## - ALTERNATE GRAPHIC REPRESENTATION
Linkage 250-02/$1
a 第1版.
880 ## - ALTERNATE GRAPHIC REPRESENTATION
Linkage 260-03/$1
a 上海 :
b 上海科学技术文献出版社,
c 1960
g (1962 printing)
880 2# - ALTERNATE GRAPHIC REPRESENTATION
Linkage 710-04/$1
a 南京科学院.
b 农业机械化分院.

No items available.

Powered by Koha